[Event "WC-2015-P-00007"]
[Site "LSS email"]
[Date "2015.01.19"]
[Round "?"]
[White "Fuhrwerk, Klaus"]
[Black "Krug, Evgeny"]
[Result "1/2-1/2"]
[WhiteElo "2195"]
[BlackElo "1767"]
[PlyCount "99"]
[EventDate "2015.01.25"]
[EventType "tourn (corr)"]
[EventRounds "12"]
[EventCountry "GER"]
[SourceTitle "Corr 2022"]
[Source "ChessBase"]
[SourceDate "2021.10.24"]
[SourceVersion "1"]
[SourceVersionDate "2021.10.24"]
[SourceQuality "1"]

1. d4 Nf6 2. c4 e6 3. Nc3 d5 4. Bg5 Be7 5. e3 h6 6. Bh4 0-0 7. Nf3 b6 8. Be2 Bb7 9. Bxf6 Bxf6 10. cxd5 exd5 11. b4 c6 12. 0-0 Qd6 13. Qb3 Nd7 14. a4 Rfb8 15. Rfc1 a6 16. Rab1 Be7 17. a5 bxa5 18. bxa5 Bc8 19. Qa4 Rxb1 20. Rxb1 Ra7 21. Ne1 Rb7 22. Rc1 Rc7 23. Qa2 Bb7 24. Bf3 Rc8 25. Nd3 Bd8 26. Na4 Rb8 27. Nac5 Nxc5 28. Nxc5 Bc8 29. Be2 h5 30. g3 h4 31. Bxa6 Bxa6 32. Nxa6 Ra8 33. Nc5 Rxa5 34. Qc2 Ra7 35. Nd3 Rc7 36. Qa4 h3 37. Kf1 Be7 38. Ne5 c5 39. Qe8+ Bf8 40. Rxc5 Qa6+ 41. Ke1 Rb7 42. Rc1 Kh7 43. Qxf8 Rb2 44. Nc4 dxc4 45. Qd8 g6 46. Qc7 Kg8 47. Qxc4 Qa5+ 48. Qc3 Qa2 49. Qc4 Rxf2 50. Qxa2 1/2-1/2

[Event "WC-2015-P-00007"]
[Site "LSS email"]
[Date "2015.01.19"]
[Round "?"]
[White "Fuhrwerk, Klaus"]
[Black "Mroczek, Jacek"]
[Result "1/2-1/2"]
[WhiteElo "2195"]
[BlackElo "2246"]
[PlyCount "98"]
[EventDate "2015.01.25"]
[EventType "tourn (corr)"]
[EventRounds "12"]
[EventCountry "GER"]
[SourceTitle "Corr 2022"]
[Source "ChessBase"]
[SourceDate "2021.10.24"]
[SourceVersion "1"]
[SourceVersionDate "2021.10.24"]
[SourceQuality "1"]

1. e4 e6 2. d4 d5 3. Nd2 Nf6 4. e5 Nfd7 5. c3 c5 6. Bd3 b6 7. f4 Ba6 8. Bxa6 Nxa6 9. Nh3 Be7 10. 0-0 0-0 11. Nf3 f5 12. Nfg5 Bxg5 13. fxg5 g6 14. Nf4 Qe7 15. h4 Rfc8 16. Qe2 Nc7 17. h5 Nf8 18. hxg6 hxg6 19. Rf3 Ne8 20. Bd2 Ng7 21. Rh3 cxd4 22. cxd4 Rc2 23. Qd3 Rac8 24. Bc3 Qxg5 25. Qxc2 Qxf4 26. Qf2 Nh5 27. Bd2 Qe4 28. Re1 Qg4 29. Rh4 Qg3 30. Rc1 Rc4 31. Rxc4 dxc4 32. Qxg3 Nxg3 33. Kf2 Ne4+ 34. Ke3 g5 35. Rxe4 fxe4 36. Kxe4 g4 37. Bb4 Nd7 38. d5 Kf7 39. d6 Kg6 40. Kf4 Kh5 41. Be1 a6 42. Bf2 b5 43. Be1 Nf8 44. b3 cxb3 45. axb3 Ng6+ 46. Ke4 Nf8 47. b4 Nd7 48. Kf4 Nf8 49. Bd2 Ng6+ 1/2-1/2

[Event "WC-2015-P-00007"]
[Site "LSS email"]
[Date "2015.01.19"]
[Round "?"]
[White "Fuhrwerk, Klaus"]
[Black "Ustimenko, Aleksandr"]
[Result "1/2-1/2"]
[WhiteElo "2195"]
[BlackElo "2213"]
[PlyCount "46"]
[EventDate "2015.01.25"]
[EventType "tourn (corr)"]
[EventRounds "12"]
[EventCountry "GER"]
[SourceTitle "Corr 2022"]
[Source "ChessBase"]
[SourceDate "2021.10.24"]
[SourceVersion "1"]
[SourceVersionDate "2021.10.24"]
[SourceQuality "1"]

1. d4 Nf6 2. c4 e6 3. Nc3 d5 4. Nf3 c6 5. e3 Nbd7 6. Bd3 dxc4 7. Bxc4 b5 8. Be2 Bb7 9. 0-0 Be7 10. e4 b4 11. e5 bxc3 12. exf6 Bxf6 13. bxc3 c5 14. Rb1 Be4 15. Bd3 Bxd3 16. Qxd3 0-0 17. Qa6 cxd4 18. cxd4 Qc8 19. Qd3 Qc6 20. Be3 Qa4 21. Qb5 Qxb5 22. Rxb5 Nb6 23. Rc1 Nd5 1/2-1/2

[Event "WC-2015-P-00007"]
[Site "LSS email"]
[Date "2015.01.19"]
[Round "?"]
[White "Hatsek, Werner"]
[Black "Fuhrwerk, Klaus"]
[Result "1/2-1/2"]
[WhiteElo "1994"]
[BlackElo "2195"]
[PlyCount "90"]
[EventDate "2015.01.25"]
[EventType "tourn (corr)"]
[EventRounds "12"]
[EventCountry "GER"]
[SourceTitle "Corr 2022"]
[Source "ChessBase"]
[SourceDate "2021.10.24"]
[SourceVersion "1"]
[SourceVersionDate "2021.10.24"]
[SourceQuality "1"]

1. e4 c5 2. Nf3 d6 3. d4 cxd4 4. Nxd4 Nf6 5. Nc3 a6 6. Be3 e5 7. Nb3 Be6 8. f3 Be7 9. Qd2 Nbd7 10. g4 h6 11. 0-0-0 b5 12. h4 Nb6 13. Qf2 Nfd7 14. Kb1 Qc7 15. Nd5 Bxd5 16. exd5 Nc4 17. Bd3 a5 18. Bc1 Rc8 19. Nd2 a4 20. Ne4 b4 21. b3 Na3+ 22. Bxa3 bxa3 23. Bb5 axb3 24. axb3 0-0 25. Ka1 Ra8 26. Ka2 Rfb8 27. c4 Ra7 28. g5 h5 29. Rhg1 Rab7 30. Qe2 Nf8 31. Ng3 Ng6 32. Nxh5 Bd8 33. Rg4 Qc5 34. Ng3 Nf4 35. Rxf4 exf4 36. Ne4 Qb4 37. Qc2 f5 38. Nf2 Ba5 39. Nd3 Qc3 40. Qxc3 Bxc3 41. Nxf4 Re7 42. Ne6 g6 43. Rc1 Bb2 44. Rh1 Rh7 45. b4 Be5 1/2-1/2

[Event "CP-2014-P-00060"]
[Site "LSS email"]
[Date "2014.09.30"]
[Round "?"]
[White "Fuhrwerk, Klaus"]
[Black "Endean, Andrew"]
[Result "1/2-1/2"]
[WhiteElo "2199"]
[BlackElo "1642"]
[PlyCount "105"]
[EventDate "2014.10.01"]
[EventType "tourn (corr)"]
[EventRounds "6"]
[EventCountry "GER"]
[SourceTitle "Corr 2022"]
[Source "ChessBase"]
[SourceDate "2021.10.24"]
[SourceVersion "1"]
[SourceVersionDate "2021.10.24"]
[SourceQuality "1"]

1. e4 e5 2. Nf3 Nf6 3. Nxe5 d6 4. Nf3 Nxe4 5. d4 d5 6. Bd3 Nc6 7. 0-0 Be7 8. c4 Nb4 9. Be2 0-0 10. Nc3 Bf5 11. a3 Nxc3 12. bxc3 Nc6 13. Re1 Re8 14. Bf4 dxc4 15. Bxc4 Bd6 16. Rxe8+ Qxe8 17. Qd2 Qd7 18. Bxd6 cxd6 19. Re1 Re8 20. Rxe8+ Qxe8 21. Qf4 Qd7 22. Nh4 Bb1 23. Qc1 Be4 24. f3 Bg6 25. Kf2 d5 26. Nxg6 hxg6 27. Bd3 a6 28. a4 Na5 29. Qg5 Nc6 30. Qd2 Qe7 31. Qe3 Qh4+ 32. Kg1 Qd8 33. g3 Kf8 34. Kf2 Qe7 35. Qxe7+ Kxe7 36. f4 Kd6 37. Ke3 Na5 38. Kd2 Nb3+ 39. Kc2 Na5 40. Bf1 Nc4 41. Bxc4 dxc4 42. Kb2 Kd5 43. Ka3 a5 44. Kb2 Ke4 45. Kc2 b6 46. Kc1 Kd5 47. h3 Ke4 48. Kd2 Kd5 49. Kc2 Ke4 50. h4 f6 51. Kd2 f5 52. Kc1 Kd5 53. Kc2 1/2-1/2

[Event "CP-2014-P-00060"]
[Site "LSS email"]
[Date "2014.09.30"]
[Round "?"]
[White "Fuhrwerk, Klaus"]
[Black "Pelekis, George"]
[Result "0-1"]
[WhiteElo "2199"]
[BlackElo "800"]
[PlyCount "96"]
[EventDate "2014.10.01"]
[EventType "tourn (corr)"]
[EventRounds "6"]
[EventCountry "GER"]
[SourceTitle "Corr 2022"]
[Source "ChessBase"]
[SourceDate "2021.10.24"]
[SourceVersion "1"]
[SourceVersionDate "2021.10.24"]
[SourceQuality "1"]

1. e4 c5 2. Nf3 Nc6 3. d4 cxd4 4. Nxd4 Nf6 5. Nc3 e5 6. Ndb5 d6 7. Bg5 a6 8. Na3 b5 9. Nd5 Be7 10. Nxe7 Nxe7 11. Bxf6 gxf6 12. Qf3 f5 13. exf5 Bxf5 14. Bd3 Be6 15. 0-0 d5 16. Rfd1 Qc7 17. Qf6 0-0-0 18. c3 Rhg8 19. Nc2 e4 20. Bf1 Nf5 21. c4 dxc4 22. a4 Rxd1 23. Rxd1 Rd8 24. Re1 Rd2 25. Re2 Qd8 26. Qxd8+ Rxd8 27. Rxe4 Rd1 28. axb5 Rc1 29. Re2 axb5 30. g4 Nd6 31. h3 c3 32. Ne3 b4 33. bxc3 b3 34. Kg2 f5 35. Rd2 Ne4 36. Rb2 f4 37. Bc4 Bxc4 38. Nxc4 Rxc3 39. Nb6+ Kd8 40. Rb1 f3+ 41. Kg1 Nd2 42. Rd1 Rc2 43. Nc4 Rxc4 44. Rxd2+ Ke7 45. Rb2 Rc3 46. Kh2 Kd6 47. Rd2+ Kc5 48. Rd7 Kc4 0-1